Countries - Alternate Letters - 2 - Statistics

General Stats
  • This quiz has been taken 20 times
  • The average score is 6 of 10
Answer Stats
Hint Answer % Correct
_P_I_ Spain
100%
_O_O_C_ Morocco
80%
_U_U_D_ Burundi
70%
_R_L_N_ Ireland
70%
_U_I_A_E Suriname
60%
_A_B_D_A Cambodia
50%
_E_C_E_L_S Seychelles
50%
_A_D_ A_A_I_ Saudi Arabia
40%
_R_A_I_ Croatia
30%
_A_T _I_O_ East Timor
20%
No matching quizzes found
Score Distribution
Percent of People with Each Score
Percentile by Number Answered
Your Score History
You have not taken this quiz